Loading...
| Current Events | 2 | 20.00 | 100% | 100% | 0% |
| Fine Arts - Classical Music | 8 | 20.00 | 100% | 88% | 13% |
| Fine Arts - Other Fine Arts | 5 | 14.00 | 100% | 40% | 0% |
| Fine Arts - Painting and Sculpture | 8 | 15.00 | 100% | 38% | 13% |
| Geography | 1 | 20.00 | 100% | 100% | 0% |
| History - American History | 9 | 22.22 | 100% | 100% | 22% |
| History - European History | 7 | 15.71 | 100% | 57% | 0% |
| History - Other History | 5 | 14.00 | 100% | 40% | 0% |
| History - World History | 6 | 15.00 | 100% | 50% | 0% |
| Literature - American Literature | 7 | 15.71 | 100% | 57% | 0% |
| Literature - British Literature | 5 | 20.00 | 100% | 80% | 20% |
| Literature - European Literature | 8 | 18.75 | 100% | 75% | 13% |
| Literature - World Literature | 5 | 14.00 | 100% | 40% | 0% |
| Mythology | 4 | 10.00 | 75% | 25% | 0% |
| Other Academic | 1 | 10.00 | 100% | 0% | 0% |
| Philosophy | 5 | 18.00 | 100% | 80% | 0% |
| Religion | 5 | 16.00 | 100% | 60% | 0% |
| Science - Biology | 7 | 20.00 | 100% | 71% | 29% |
| Science - Chemistry | 6 | 20.00 | 100% | 83% | 17% |
| Science - Other Science | 7 | 15.71 | 86% | 43% | 29% |
| Science - Physics | 8 | 17.50 | 100% | 63% | 13% |
| Social Science | 9 | 16.67 | 100% | 56% | 11% |